Science Quiz

Random Science or Physics Quiz

Electromagnetic Spectrum Quiz Stats

 Plays Quiz Updated Oct 30, 2018

Score 0/7 Timer 02:00
1 Play Today
Wavelength (m) Radiation Type % Correct
10-8Ultraviolet
87.9%
10-12Gamma Ray
85.5%
103Radio
79.3%
10-5Infrared
78.9%
10-6Visible
78.5%
10-2Microwave
78.3%
10-10X-Ray
77.9%

You're not logged in!

Compare scores with friends on all Sporcle quizzes.
OR
Log In

Sporcle TV

Today on Sporcle TV


Watch our educational content, quiz creation guides, and fun videos on Sporcle TV.

Show Comments

Extras

Top Quizzes Today


Score Distribution

Your Account Isn't Verified!

In order to create a playlist on Sporcle, you need to verify the email address you used during registration. Go to your Sporcle Settings to finish the process.

Report this User

Report this user for behavior that violates our Community Guidelines.

Details: